Speculative Pressure in the EMS <The> Role of Capacity-Related Exchange-Rate Expectations

Na minha lista:
Detalhes bibliográficos
Autor principal: Lehment, Harmen
Formato: Livro
Idioma:inglês
Publicado em: Kiel Institut für Weltwirtschaft 1994
Colecção:Kiel Working Paper No.627
Assuntos:
Tags: Adicionar Tag
Sem tags, seja o primeiro a adicionar uma tag!

MARC

LEADER 00000nam a2200000 4500
001 c005400
005 20250521093100.0
041 0 |a eng 
044 |a DE 
245 1 0 |a Speculative Pressure in the EMS  |b <The> Role of Capacity-Related Exchange-Rate Expectations  |c Harmen Lehment 
264 1 |a Kiel  |b Institut für Weltwirtschaft  |c 1994 
300 |a 14 s. 
490 1 |a Kiel Working Paper  |v No.627 
830 0 |a Kiel Working Paper  |v No.627 
610 2 0 |a Európsky menový systém 
610 2 0 |a kurz devízový 
610 2 0 |a stabilita meny 
610 2 0 |a politika menová 
610 2 0 |a mzdy 
100 1 |a Lehment, Harmen